Największe europejskie miasta na literę N - Quiz z mapą - Statystyki

Ogólne statystyki
  • Ten quiz został rozwiązany 85 razy
  • Średni wynik to 9 z 20
Odpowiedzi na mapie
Odpowiedzi zakodowano w zielono-czerwonej skali na mapie do tego quizu, zgodnie z poniższymi procentami.
 
Statystyki odpowiedzi
Liczba
Ludności
Kraj Miasto % Poprawnych
922094 Włochy Neapol
99%
384085 Francja Nicea
92%
323204 Francja Nantes
87%
523026 Niemcy Norymberga
84%
286445 Wielka Brytania Newcastle upon Tyne
69%
336990 Wielka Brytania Nottingham
69%
260438 Serbia Nowy Sad
64%
200770 Wielka Brytania Norwich
41%
177359 Holandia Nijmegen
37%
224936 Rosja Nowogród Wielki
35%
182797 Serbia Nisz
33%
159587 Wielka Brytania Newport
29%
243520 Wielka Brytania Northampton
27%
148104 Francja Nimes
24%
247956 Rosja Noworosyjsk
24%
114007 Belgia Namur
15%
115711 Węgry Nyiregyhaza
11%
168035 Rosja Nowoczerkask
4%
155163 Niemcy Neuss
4%
122306 Rosja Nowomoskowsk
3%
Nie znaleziono quizów pasujących do podanych kryteriów
Rozkład punktacji
Procent ludzi z każdym wynikiem
Percentyl według liczby udzielonych odpowiedzi
Twoja historia wyników
Nie rozwiązałeś tego quizu